| 000 | 00673nam a2200229 a 4500 | ||
|---|---|---|---|
| 999 |
_c6401 _d6401 |
||
| 001 | 6401 | ||
| 003 | BD-JhCC | ||
| 005 | 20180122190010.0 | ||
| 008 | 180122s1980 bg ||||| ||a| 00| 0 en d | ||
| 035 | _a(BD-JhCC)6401 | ||
| 040 |
_aBD-JhCC _dBD-JhCC |
||
| 041 | _aeng | ||
| 082 |
_a297.4 _bHOS 1980 |
||
| 100 | _aহোসেন, মনওয়ার | ||
| 245 |
_aদরগাহ দরবেশ / _cমনওয়ার হোসেন, |
||
| 260 |
_aঢাকা : _bইসলামিক ফাউন্ডেশন বাংলাদেশ, _c1980. |
||
| 300 |
_a139 p. : _c22 cm. |
||
| 650 | _aSufism | ||
| 650 | _aSaints | ||
| 942 |
_2ddc _cBK |
||